00548nam a2200181 a 450000100100000000500170001000800410002702000150006804000250008308200080010810000180011624500840013426000470021830000210026549000250028670000300031183000250034100003976820201002033726.0130718s2007 mx 000 0 spa d a968121286X aDO-SdBNPbspacBNPHU axxx1 aFrenk, Margit10aDel siglo de oro español /cMargit Frenk ; presentación Aurelio González. aMéxico :bEl Colegio de México,c2007. a158 p. ;c22 cm.1 aTrabajos reunidosv51 aGonzález, Aurelio,epr. 0aTrabajos reunidosv5